000 01554nam0a2200337 4500
001 RU\NLR\bibl\39460
005 20260622145640.0
010 _a5-292-02249-7
_9150
021 _aRU
_b99-9803
_9476
035 _a(NLR Aleph) 000038473
090 _a199279
_c199279
100 _a19990721d1999 k y0rusy50 ca
101 0 _arus
102 _aRU
105 _aa |||||||||
200 1 _aПроблемы аналитической химии
_eМустаф. чтения
_eСб. науч. ст.
_fСарат. гос. ун-т им. Н.Г.Чернышевского
_gПод ред. проф., чл.-корр. РАЕН Р.К., проф. А.Н.ПанкротоваЧерновой
210 _aСаратов
_cИзд-во Сарат. ун-та
_d1999
215 _a130 с.
_cил., портр.
_d20
300 _aНа 3-й с.: Посвящается 90-летию Сарат. гос. ун-та им.Н.Г.Чернышевского, 70-летию хим. фак.
320 _aБиблиогр. в конце ст.
606 0 _aАналитическая химия
_jСборники
_2nlr-sh2
_3RU\NLR\auth\6611823
686 _aГ4я43
702 1 _aЧернова
_bР. К.
_cд-р хим. наук
_f1938-2021
_gРимма Кузьминична
_3RU\NLR\AUTH\7775284
_4340
711 1 2 _aМустафинские чтения
_f1999
_eСаратов
_3RU\NLR\AUTH\8810015794
_4070
801 0 _aRU
_bNLR
_c19990721
_gPSBO
801 1 _aRU
_bNLR
_c19990721
852 _aNLR
_j99-3/7800
942 _cBOOK
980 _aNB